000
00293nam a2200121Ia 4500
008
190216s9999||||xx |||||||||||||| ||und||
100
_a
"Srivastav ,nigam,bishamber,sahai"
245
0
_a
Industrial Economis
260
_b
S Chand & Co
_c
1967
300
_a
557p
650
_a
Commerce
942
_c
BK
999
_c
4616
_d
4616